Research and evaluation in education and psychology : (Record no. 3216)
[ view plain ]
| 000 -LEADER | |
|---|---|
| fixed length control field | 00752nam a22002172 4500 |
| 001 - CONTROL NUMBER | |
| control field | 0000007490 |
| 005 - DATE AND TIME OF LATEST TRANSACTION | |
| control field | 20151217145838.0 |
| 008 - FIXED-LENGTH DATA ELEMENTS--GENERAL INFORMATION | |
| fixed length control field | 080208s xx 000 0 eng d |
| 020 ## - INTERNATIONAL STANDARD BOOK NUMBER | |
| International Standard Book Number | 0761928057 : |
| Terms of availability | KES |
| 040 ## - CATALOGING SOURCE | |
| Original cataloging agency | KABU |
| Transcribing agency | KABU |
| 100 1# - MAIN ENTRY--PERSONAL NAME | |
| Personal name | Mertens, Donna M. |
| -- | 0000158706 |
| 245 10 - TITLE STATEMENT | |
| Title | Research and evaluation in education and psychology : |
| Remainder of title | integrating diversity with quantitative, qualitative, and mixed methods / |
| Statement of responsibility, etc. | Donna M. Mertens. |
| 250 ## - EDITION STATEMENT | |
| Edition statement | 2nd ed. |
| 260 ## - PUBLICATION, DISTRIBUTION, ETC. (IMPRINT) | |
| Place of publication, distribution, etc. | London : |
| Name of publisher, distributor, etc. | Sage, |
| Date of publication, distribution, etc. | 2005. |
| 300 ## - PHYSICAL DESCRIPTION | |
| Extent | xxiii, 507 p. |
| 650 #0 - SUBJECT ADDED ENTRY--TOPICAL TERM | |
| Topical term or geographic name as entry element | Education |
| General subdivision | Research |
| -- | Methodology. |
| -- | 0000153545 |
| 650 #0 - SUBJECT ADDED ENTRY--TOPICAL TERM | |
| Topical term or geographic name as entry element | Psychology |
| General subdivision | Research |
| -- | Methodology. |
| -- | 0000157853 |
| 908 ## - PUT COMMAND PARAMETER (RLIN) | |
| Put command parameter | 080208 |
| 950 ## - LOCAL HOLDINGS (RLIN) | |
| -- | 1 |
| Withdrawn status | Lost status | Source of classification or shelving scheme | Not for loan | Home library | Current library | Date acquired | Total Checkouts | Full call number | Barcode | Date last seen | Date last checked out | Price effective from | Koha item type |
|---|---|---|---|---|---|---|---|---|---|---|---|---|---|
| Library of Congress Classification | Kabarak, Main Campus | Kabarak, Main Campus | 17/12/2015 | 1 | LB1028 .M47 2005 | 012008 | 29/01/2018 | 26/01/2018 | 17/12/2015 | General Collection |